Catálogo

¿Creceremos sin ingeniería civil? : (Registro nro. 50719)

Detalles MARC
000 -LEADER
fixed length control field 01173cam a2200289 i 4500
001 - CONTROL NUMBER
control field 50719
003 - CONTROL NUMBER IDENTIFIER
control field Mx-PuUPA
005 - DATE AND TIME OF LATEST TRANSACTION
control field 20220715114828.0
008 - FIXED-LENGTH DATA ELEMENTS--GENERAL INFORMATION
fixed length control field 140415s2005 mx a gr 000 0 spa d
020 ## - INTERNATIONAL STANDARD BOOK NUMBER
International Standard Book Number 9688595780
040 ## - CATALOGING SOURCE
Original cataloging agency Mx-PuUPA
Language of cataloging spa
Transcribing agency Mx-PuUPA
Modifying agency Mx-PuUPA
Description conventions rda
041 0# - LANGUAGE CODE
Language code of text/sound track or separate title spa
245 00 - TITLE STATEMENT
Title ¿Creceremos sin ingeniería civil? :
Remainder of title aún sin ingeniería civil mexicana podría haber crecimiento, pero no avance social /
Statement of responsibility, etc. coordinación de diseño editorial, Rigoberto Rosales Alva ; asesoría de producción, Eduardo Miranda Barrón
250 ## - EDITION STATEMENT
Edition statement 1a. edición
264 #1 - PRODUCTION, PUBLICATION, DISTRIBUTION, MANUFACTURE, AND COPYRIGHT NOTICE
Place of production, publication, distribution, manufacture México, D.F. :
Name of producer, publisher, distributor, manufacturer Universidad Iberoamericana :
Date of production, publication, distribution, manufacture, or copyright notice 2005
300 ## - PHYSICAL DESCRIPTION
Extent 251 páginas :
Other physical details ilustraciones, fotografías ;
Dimensions 34 cm
336 ## - CONTENT TYPE
Fuente rdacontent
Content type term texto
Content type code txt
337 ## - MEDIA TYPE
Source rdamedia
Media type term sin medio
Media type code n
338 ## - CARRIER TYPE
Source rdacarrier
Carrier type term volumen
Carrier type code nc
650 #7 - SUBJECT ADDED ENTRY--TOPICAL TERM
Topical term or geographic name entry element Ingeniería civil
General subdivision Planificación estratégica
Geographic subdivision México
Source of heading or term armarc
650 #7 - SUBJECT ADDED ENTRY--TOPICAL TERM
Topical term or geographic name entry element Ingeniería civil
Geographic subdivision México
700 1# - ADDED ENTRY--PERSONAL NAME
Personal name Rosales Alva, Rigoberto,
Relator term coordinador
9 (RLIN) 12935
700 1# - ADDED ENTRY--PERSONAL NAME
Personal name Miranda Barrón, Eduardo,
Relator term asesor
942 ## - ADDED ENTRY ELEMENTS (KOHA)
Source of classification or shelving scheme Dewey Decimal Classification
Koha item type Libro
Classification part 624.0972
Item part C912
Existencias
Withdrawn status Lost status Source of classification or shelving scheme Damaged status Not for loan Collection code Home library Current library Shelving location Date acquired Source of acquisition Total Checkouts Full call number Barcode Date last seen Date last checked out Price effective from Koha item type Copy number
    Dewey Decimal Classification     Referencia Biblioteca Karol Wojtyla Biblioteca Karol Wojtyla Área de silencio 03/12/2013 Compra 1 624.0972 C912 2005 75709 05/01/2026 30/08/2023 03/12/2013 Folio  
    Dewey Decimal Classification     Referencia Biblioteca Karol Wojtyla Biblioteca Karol Wojtyla Área de silencio 03/12/2013 Compra   624.0972 C912 2005 75769 05/01/2026 02/02/2016 03/12/2013 Folio Ej.2